| 000 | 00522nam a22001817a 4500 | ||
|---|---|---|---|
| 005 | 20250329100247.0 | ||
| 008 | 250329b |||||||| |||| 00| 0 eng d | ||
| 020 | _a9780801039966 | ||
| 050 |
_aBR145.3 _b.N65 NOL |
||
| 100 | _aNoll Mark A. | ||
| 245 |
_aTurning Points: _bDecisive Moments in the History of Christianity/ _cMark A. Noll |
||
| 250 | _a3rd Ed. | ||
| 260 |
_aGrand Rapids _bBaker Academic _c2012 |
||
| 300 |
_a356p. _c22 cm |
||
| 500 | _aIncludes Index | ||
| 650 | _2Theology | ||
| 942 |
_2lcc _cBK _e3rd Ed. _n0 |
||
| 999 |
_c5329 _d5329 |
||